Films en ouverture du festival de Cannes - Statistiques

Statistiques générales
  • Ce quiz a été pris 20 fois
  • Le résultat moyen est 11 sur 53
Statistiques - réponses
Année Réalisateur/Réalisatrice Film % Correct
2024 Quentin Dupieux Le Deuxième Acte
71%
2025 Amélie Bonnin Partir un jour
71%
2021 Leos Carax Annette
65%
2023 Maïwenn Jeanne du Barry
65%
2022 Michel Hazanavicius Coupez !
53%
1988 Luc Besson Le Grand Bleu
53%
2013 Baz Lurhmann Gatsby le Magnifique
47%
2012 Wes Anderson Moonrise Kingdom
47%
2001 Baz Lurhmann Moulin Rouge
47%
1992 Paul Verhoeven Basic Instinct
41%
1997 Luc Besson Le Cinquième Élément
41%
2019 Jim Jarmusch The Dead Don't Die
41%
2016 Woody Allen Café Society
35%
1995 Marc Caro, Jean-Pierre Jeunet La Cité des enfants perdus
29%
2015 Emmanuelle Bercot La tête haute
29%
2011 Woody Allen Minuit à Paris
29%
1996 Patrice Leconte Ridicule
29%
2009 Pete Docter, Bob Peterson Là-haut
24%
2005 Dominik Moll Lemming
24%
2007 Wong Kar-wai My Blueberry Nights
24%
1989 Martin Scorsese, Francis Ford Coppola, Woody Allen New York Stories
24%
1990 Akira Kurosawa Rêves
24%
2006 Ron Howard Da Vinci Code
18%
2018 Asghar Farhadi Everybody Knows
18%
2017 Arnaud Desplechin Les Fantômes d'Ismaël
18%
2014 Olivier Dahan Grace de Monaco
12%
1979 Miloš Forman Hair
12%
2004 Pedro Almodóvar La Mauvaise Éducation
12%
1994 Joel Coen Le Grand Saut
12%
1993 André Téchiné Ma saison préférée
12%
1986 Roman Polanski Pirates
12%
2010 Ridley Scott Robin des Bois
12%
1985 Peter Weir Witness
12%
1974 Federico Fellini Amarcord
6%
2008 Fernando Mereilles Blindness
6%
1984 Alain Corneau Fort Saganne
6%
2002 Woody Allen Hollywood Ending
6%
1982 D. W. Griffith Intolérance
6%
1983 Martin Scorcese La Valse des pantins
6%
1972 Claude Lelouch L'aventure c'est l'aventure
6%
1999 Nikita Mikhalkov Le Barbier de Sibérie
6%
2000 Roland Joffé Vatel
6%
2003 Gérard Krawczyk Fanfan la Tulipe
0%
1980 Gilles Carle Fantastica
0%
1973 David Greene Godspell
0%
1976 Gene Kelly Hollywood, Hollywood
0%
1991 David Mamet Homicide
0%
1977 Dino Risi La Chambre de l'évêque
0%
1998 Mike Nichols Primary Colors
0%
1981 Francesco Rosi Trois frères
0%
1978 Emil Loteanu Un accident de chasse
0%
1975 Henning Carlsen Un divorce heureux
0%
1987 Diane Kurys Un homme amoureux
0%
Aucun quiz correspondant
Distribution des résultats
% des personnes avec chaque résultat
Percentile par nombre de réponses
Votre historique - résultats
Vous n’avez pas pris ce quiz